| 000 | 00484nam a22001697a 4500 | ||
|---|---|---|---|
| 003 | NUST | ||
| 038 | _aa | ||
| 082 | _aBEE-5 TAL | ||
| 100 |
_aTalha Aziz Khan _993105 |
||
| 245 | _aDesign and implementation of a 3-phase power quality analyzer with computer interfacing | ||
| 260 |
_aIslamabad _bNUST SEECS _c2013 |
||
| 300 | _a52p. : | ||
| 500 | _aSupervisor: Dr. Usman Younis | ||
| 563 | _aa | ||
| 856 | _uhttp://10.250.8.41:8080/xmlui/handle/123456789/25828 | ||
| 942 |
_cTHE _2ddc |
||
| 999 |
_c12757 _d12757 |
||